SLEDOVANIE ALKOHOLICKEJ EXTRAKCIE LIGNÍNU INFRAČERVENOU SPEKTROFOTOMETRIOU

Bibliographic Details
Main Authors: Košíková, Božena, 1938-2020 (Author), Polčin, J. (Author), Suchý, J. (Author), Vašátková, M. (Author)
Format: Article
Language:Slovak

MARC

LEADER 00000nab a2200000uu 4500
001 vtls010874761
003 SK-MaSNL
005 20260303190425.0
008 230303|1962 xo |||||||||||||||||slo|
015 |a SNBRB 
035 |a (urnnbn)urn:nbn:sk:snk:ar-005xyk 
035 |a (uuid)1e42ec61-8589-4bb1-9c83-0dfb557d5183 
035 |a urn:nbn:sk:snk-ab7orc 
040 |a SNKBUCL  |b slo  |c SNKBUCL  |e AACR2 
041 0 |a slo 
044 |a xo  |c SK 
100 1 |a Košíková, Božena,  |d 1938-2020  |4 aut  |9 222453 
245 1 0 |a SLEDOVANIE ALKOHOLICKEJ EXTRAKCIE LIGNÍNU INFRAČERVENOU SPEKTROFOTOMETRIOU  |c B. Košíková, J. Polčin, J. Suchý, M. Vašátková 
700 1 |a Polčin, J.  |4 aut  |9 623806 
700 1 |a Suchý, J.  |4 aut  |9 449172 
700 1 |a Vašátková, M.  |4 aut  |9 1186645 
773 0 |t Chemické zvesti  |g Roč. 16, č. 7 (1962), s. 562-573 
958 |a OND 
958 |a EUIPO 
958 |a article8 
999 |c 2136196  |d 2138126